[Event "EU-chT (Men) 15th"]
[Site "Gothenburg"]
[Date "2005.08.01"]
[Round "3.2"]
[White "Socko, Bartosz"]
[Black "Cheparinov, Ivan"]
[Result "1/2-1/2"]
[WhiteElo "2615"]
[BlackElo "2634"]
[Annotator "Ftacnik,L"]
[PlyCount "52"]
[EventDate "2005.07.30"]
[EventType "team-swiss"]
[EventRounds "9"]
[EventCountry "SWE"]
[SourceTitle "CBM 109"]
[Source "ChessBase"]
[SourceDate "2005.11.14"]
[SourceVersion "1"]
[SourceVersionDate "2005.11.14"]
[SourceQuality "1"]
[WhiteTeam "Poland"]
[BlackTeam "Bulgaria"]
[WhiteTeamCountry "POL"]
[BlackTeamCountry "BUL"]

1. e4 c5 2. Nf3 d6 3. d4 cxd4 4. Nxd4 Nf6 5. Nc3 a6 6. f3 e6 7. Be3 b5 8. g4 h6
9. Qd2 b4 10. Nce2 e5 11. Nb3 a5 12. Ng3 a4 13. Nc1 d5 14. exd5 {[%mdl 4] It
is rather questionable if white is better prepared for the opening of the
position as his pawn on g4 becomes a weakness of the pawn structure.} (14. Bb5+
Bd7 15. Bxd7+ Qxd7 16. g5 (16. exd5 Nxd5 17. Nd3 Nc6 18. Nc5 Bxc5 19. Bxc5 Nf4
20. O-O-O Qxd2+ 21. Rxd2 Ne6 22. Bd6 {1-0 Socko,B (2547)-Ibrahimov,R (2478)/
Plovdiv 2003/ (50)}) 16... hxg5 17. Bxg5 dxe4 18. Bxf6 Qxd2+ 19. Kxd2 e3+ 20.
Kxe3 gxf6 21. h4 Ke7 22. Nd3 {1-0 Fedorov,A (2604)-Solak,D (2514)/Istanbul
2003/ (57)}) 14... Qxd5 15. Nd3 Bb7 (15... Qxf3 $2 16. Bg2 $18) 16. Be2 Nc6 (
16... a3 17. c4 bxc3 18. bxc3 Nbd7 19. Rb1 $13) 17. Rd1 Rd8 (17... Qxa2 18. O-O
Qd5 19. c4 bxc3 20. bxc3 $36) 18. Bb6 Rd7 19. Qe3 Qxa2 $1 {Cheparinov is a
young player with very concrete attitude towards problems of sharp positions.
Socko will have to open up the position and his king will land on the square
d1.} (19... Qe6 20. Nc5 Bxc5 21. Bxc5 Nd4 22. Bxd4 exd4 23. Qxe6+ fxe6 24. Bb5
Bxf3 25. Bxd7+ Nxd7 26. Rxd4 Bxh1 27. Nxh1 b3 $11) 20. Nxe5 Rxd1+ 21. Kxd1 (21.
Bxd1 Nd5 22. Qe2 Nxb6 23. Nxc6+ Qe6 $17) 21... Nd5 22. Qe4 (22. Qd2 Nxe5 23.
Bb5+ Nc6 $19) 22... Nc3+ {Black could have tried to swim in complicated
watters of the line beginning with 22..Nxb6, but it was tied with some risk.
The solution from the game secures perpetual check.} (22... Nxb6 23. Bb5 (23.
Nxc6+ Kd7 24. Ne5+ Kc7 25. Qf4 g5 $17) 23... Qe6 (23... Kd8 24. Bxc6 Bc8 25.
Bd5 Nxd5 26. Nxf7+ Kc7 27. Qe5+ Kc6 28. Nxh8 Bd6 $13) 24. Re1 a3 25. Bxc6+ Bxc6
26. Qxc6+ Qxc6 27. Nxc6+ Kd7 28. Ne5+ Kc7 29. bxa3 bxa3 30. c3 Bd6 $15) 23.
bxc3 Qa1+ 24. Kd2 Qxc3+ 25. Kc1 Qa1+ 26. Kd2 Qc3+ (26... Qxe5 27. Qxe5+ Nxe5
28. Bb5+ Bc6 (28... Ke7 29. Re1 Kd6 30. Nf5+ Kd5 31. Ne3+ Kd6 32. Nf5+ $11) 29.
Re1 Bxb5 30. Rxe5+ Kd7 31. Rxb5 Kc6 32. Ra5 Kxb6 33. Rxa4 Bc5 $11) 1/2-1/2

[Event "EU-chT (Men) 15th"]
[Site "Gothenburg"]
[Date "2005.08.04"]
[Round "6.1"]
[White "Almasi, Zoltan"]
[Black "Lutz, Christopher"]
[Result "1-0"]
[WhiteElo "2619"]
[BlackElo "2616"]
[Annotator "Ftacnik,L"]
[PlyCount "65"]
[EventDate "2005.07.30"]
[EventType "team-swiss"]
[EventRounds "9"]
[EventCountry "SWE"]
[SourceTitle "CBM 109"]
[Source "ChessBase"]
[SourceDate "2005.11.14"]
[SourceVersion "1"]
[SourceVersionDate "2005.11.14"]
[SourceQuality "1"]
[WhiteTeam "Hungary"]
[BlackTeam "Germany"]
[WhiteTeamCountry "HUN"]
[BlackTeamCountry "GER"]

1. e4 c5 2. Nf3 d6 3. d4 cxd4 4. Nxd4 Nf6 5. Nc3 a6 6. f3 e6 7. Be3 b5 8. g4 h6
9. Qd2 b4 10. Na4 Nbd7 {Thanks to the advocacy by Topalov the line with early
9...b4 has attracted quite a few adherents.} 11. O-O-O Ne5 12. b3 Bd7 13. Nb2
d5 14. Bf4 (14. Nd3 Nxd3+ 15. cxd3 e5 16. Ne2 d4 17. Bf2 a5 18. Bg3 Qb6 19. Kb1
Bd6 20. Qb2 a4 21. f4 Nxg4 22. fxe5 Bc5 {0-1 Calistri,T (2389)-Gouliev,N (2555)
/Paris 2005/ (29)}) (14. g5 Nxf3 15. Nxf3 Nxe4 16. Qe1 hxg5 17. Ne5 Nc3 18. a4
Nxd1 19. Qxd1 Bd6 {0-1 Cubas,J (2451)-Fernandez,D (2406)/Vicente Lopez 2005/ 
(38)}) 14... Nxf3 15. Nxf3 Nxe4 16. Qd4 f6 (16... Qa5 17. Bd3 Nc3 18. Rde1 Qxa2
19. Nd1 Qa1+ 20. Kd2 Nb1+ 21. Kc1 Nc3+ 22. Kd2 {1/2-1/2 Rodriguez Guerrero,E 
(2449)-Cheparinov,I (2621)/Dos Hermanas 2005/ (24)}) 17. Re1 $3 $146 {[%mdl 12]
This move is for sure a brilliant fruit of a home preparation. Almasi must
have suspected, that black's play is risky (note the pawns h6,f6 creating the
holes on black's kingside) and he managed to find a fascinating refutation.} (
17. Bd3 Bc5 18. Bxe4 Bxd4 19. Bg6+ Kf8 20. Rxd4 a5 21. Re1 Be8 22. Nh4 e5 23.
Rd2 a4 24. bxa4 Kg8 {1/2-1/2 Anand,V (2785)-Topalov,V (2778)/Sofia 2005/ (60)})
17... Bc5 18. Qd3 Bb5 19. Nc4 $1 f5 (19... dxc4 20. Qxe4 e5 21. Nxe5 fxe5 22.
Qxe5+ $18) 20. gxf5 exf5 21. Bc7 $1 {The key move of the whole new concept,
black is unable to keep his exposed central structure intact. This game must
be a good candidate for the best novelty of this CB Magazine.} Bxc4 (21... dxc4
22. Rxe4+ Be7 (22... fxe4 23. Qxe4+ Qe7 24. Qxa8+ Kf7 25. Bxc4+ Bxc4 26. Qxh8
$18) 23. Bxd8 (23. Qxd8+ Rxd8 24. Re3) 23... cxd3 24. Rxe7+ Kxd8 25. Rxg7 Bc6
26. Bg2 $18) (21... Qd7 22. Bh3 $1 g6 (22... dxc4 23. Rxe4+ Be7 24. Qxd7+ Bxd7
25. Re3 $18) 23. Nfe5 dxc4 (23... Qxc7 24. Qxd5 Rd8 25. Qe6+ $18) 24. Qxe4 fxe4
25. Nxd7 Bxd7 26. Rxe4+ Be7 27. Rxe7+ Kxe7 28. Re1+ Kf7 29. Bxd7 $18) (21...
Qxc7 22. Qxd5 Qf4+ (22... Bc6 23. Qxc5 $18) 23. Ncd2 Rc8 24. Bxb5+ axb5 25. Kb1
$18) 22. bxc4 Qxc7 23. Qxd5 Qf4+ (23... Qa7 24. Qxf5 Be3+ 25. Kb1 Qe7 26. Ne5
Nd2+ 27. Kb2 Bd4+ 28. Kc1 Rd8 29. Qh5+ g6 30. Qxg6+ Kf8 31. Bd3 $18) (23... Rd8
24. Qxf5 Be7 25. Rxe4 $18) 24. Kb2 Qxf3 (24... Rd8 25. Qxc5 Qxf3 26. Bd3 Kf7
27. Qc7+ Kf6 28. Rhg1 g5 29. Bxe4 $18) 25. Qxa8+ Ke7 (25... Kf7 26. Qd5+ Kg6
27. Bd3 $18) 26. Qb7+ Kf6 {Lutz is putting up the heroic resistance, but his
naked king finds it difficult to find a safe spot on the board.} (26... Kf8 27.
Qc8+ Kf7 28. Qd7+ Be7 29. Qd5+ Kf8 30. Bd3 Bf6+ 31. Kb3 $16) (26... Kd6 27.
Qd5+ Kc7 28. Rxe4 fxe4 29. Qxc5+ Kb7 30. Bg2 Qxg2 31. Rg1 $18) 27. Qc6+ Kg5 (
27... Kf7 28. Qd5+ Kf6 29. Bd3 $18) 28. h4+ Kf4 (28... Kg4 29. Be2 Bd4+ 30. c3
Bxc3+ 31. Kc2 $18) 29. Qc7+ Bd6 (29... Nd6 30. Bd3 Rc8 31. Qxg7 $18) 30. Rxe4+
$1 {The final shot underlying the soundness of Almasi's concept. White is able
to put his house in order and eliminate the dangerous counterplay with Qc3+.}
Kxe4 (30... Qxe4 31. Qxd6+ $18) 31. Bd3+ Ke3 (31... Ke5 32. Qxg7+ Ke6 33. Re1+
$18) 32. Qb6+ Kd2 (32... Kf4 33. Qxd6+ $18) 33. Qxd6 (33. Qxd6 Qxh1 34. Be4+
$18) 1-0

[Event "EU-chT (Men) 15th"]
[Site "Gothenburg"]
[Date "2005.08.07"]
[Round "9.1"]
[White "Akopian, Vladimir Eduardovic"]
[Black "Kulaots, Kaido"]
[Result "1-0"]
[WhiteElo "2705"]
[BlackElo "2570"]
[Annotator "Ftacnik,L"]
[PlyCount "69"]
[EventDate "2005.07.30"]
[EventType "team-swiss"]
[EventRounds "9"]
[EventCountry "SWE"]
[SourceTitle "CBM 109"]
[Source "ChessBase"]
[SourceDate "2005.11.14"]
[SourceVersion "1"]
[SourceVersionDate "2005.11.14"]
[SourceQuality "1"]
[WhiteTeam "Armenia"]
[BlackTeam "Estonia"]
[WhiteTeamCountry "ARM"]
[BlackTeamCountry "EST"]

1. e4 c5 2. Nf3 d6 3. d4 cxd4 4. Nxd4 Nf6 5. Nc3 a6 6. Be3 e6 7. f3 b5 8. g4
Nfd7 9. Qd2 Nb6 10. O-O-O N8d7 11. Ndxb5 axb5 12. Nxb5 Ba6 13. Nxd6+ Bxd6 14.
Qxd6 Nc4 15. Bxc4 Bxc4 16. Qd4 Be2 {The whole line with the knight sacrifice
on b5 is still actively developing, Kulaots refrains from the more risky idea
of grabbing the a2 pawn.} (16... Rxa2 17. Kb1 Ra8 (17... Qc8 18. Qxg7 Rf8 19.
Rxd7 Kxd7 20. Rd1+ Kc6 21. b3 Qa6 22. Qe5 Qa3 23. Qd4 {1-0 Browne,W (2456)
-Wojtkiewicz,A (2551)/Fort Lauderdale 2004/ (30)}) 18. Qxg7 (18. Qxc4 Qa5 19.
c3 O-O 20. f4 Rfc8 21. Qxc8+ Rxc8 22. Rxd7 h6 {0-1 Laznicka,V (2450)-Dydyshko,
V (2581)/Cartak 2004/ (45)}) 18... Rf8 19. Bc5 (19. Rxd7 Qa5 20. Ra7 Rxa7 21.
Bxa7 Qa2+ 22. Kc1 Qxa7 23. Rd1 Ke7 24. b3 Bxb3 {0-1 Smeets,J (2515)-Berkes,F 
(2630)/Kochin 2004/ (46)}) 19... Qc7 20. Bd6 Qb6 21. Qc3 Rc8 22. Qd2 Rg8 23.
Ba3 {1-0 Almasi,Z (2676)-Berkes,F (2578)/Heviz 2003/ (29)}) 17. Qxg7 Rf8 18.
Bc5 Bxd1 (18... Nxc5 $2 19. Rxd8+ Rxd8 20. Re1 Bxf3 21. Qc3 $18) 19. Rxd1 Qf6
$2 {It may seem logical to limit the danger with the help of the queen swap.
It must have been better to keep the ladies on the board in order to stirr
some trouble.} (19... Nxc5 20. Rxd8+ Rxd8 21. Qxh7 $16) (19... Qc7 $5 20. Bd6 (
20. Bxf8 Nxf8 21. Kb1 Qc4 22. a3 Qe2 23. Qd4 Qxf3 24. Qd3 Qxd3 25. Rxd3 Nd7 $15
) 20... Qb6 21. Bxf8 Qe3+ 22. Kb1 Qxf3 23. Qd4 Nxf8 24. Qd3 Qxd3 25. cxd3 e5
$15) 20. Qxf6 Nxf6 21. Bxf8 Kxf8 22. a3 Ke7 23. Rd4 Nd7 (23... Rd8 24. Rxd8
Kxd8 25. b4 $16) 24. h3 e5 (24... Ne5 25. f4 Nc6 26. Rd3 $16) 25. Rd3 Nf8 26.
b4 Ne6 27. Kb2 Rd8 (27... Nf4 $5 28. Rd2 Nxh3 29. c4 Ng5 30. Rd3 $14) 28. Rd5
$5 {[%mdl 1024] Akopian has four pawns for the knight and a dream of rapid
advance of his queenside foot soldiers.} (28. Rxd8 Kxd8 29. c4 Ng5 30. a4 Nxf3
31. a5 Ng5 32. c5 Nxe4 33. Kb3 Kc8 34. Kc4 Nd2+ 35. Kd5 e4 36. Kd4 Kb7 37. Ke3
Nb1 38. Kxe4 Kc6 39. Kf5 $18) 28... Rxd5 (28... f6 29. a4 Ng5 30. b5 Nxf3 31.
a5 Nd2 32. a6 Nc4+ 33. Kb3 Rc8 34. Kb4 Ne3 35. b6 $1 $18) 29. exd5 Nd4 30. a4
Kd6 (30... Nxf3 31. a5 e4 32. a6 (32. Kc1 Kd7 33. a6 Kc8 34. d6 Ne5 35. b5 f6
36. Kd1 Kb8 37. c4 Nd7 38. Ke2 Nc5 39. Ke3 Ka7 40. Kd4 Kb6 41. a7 Ne6+ 42. Kd5
Kxa7 43. Kxe6 e3 44. d7 e2 45. d8=Q e1=Q+ 46. Kd7 $18) 32... e3 33. a7 e2 34.
a8=Q e1=Q 35. d6+ Kxd6 36. Qxf3 Qxb4+ 37. Qb3 Qd4+ 38. Qc3 $18) 31. c4 Nxf3 32.
a5 e4 (32... Kc7 33. c5 Nd4 34. Kc3 Nb5+ 35. Kc4 Na3+ 36. Kd3 f6 37. Ke4 Nb5
38. Kf5 Nd4+ 39. Kxf6 e4 40. a6 e3 41. d6+ Kb8 42. d7 Nc6 43. b5 Nd8 44. c6 e2
45. a7+ Kxa7 46. c7 e1=Q 47. cxd8=Q $18) 33. c5+ Kc7 {It might have not
changed the outcome of the game, but the last chace to offer any resistance
was connected with elimination of the d5 pawn.} (33... Kxd5 34. a6 Kc6 35. b5+
Kc7 36. b6+ Kb8 37. Kc3 (37. c6 $2 Ne5 38. c7+ Kc8 39. Kc3 Nd7 $19) 37... Ne5
38. Kd4 Nd7 39. b7 e3 40. c6 Nf6 41. Kxe3 Nd5+ 42. Kd4 Nb4 43. Ke5 Nxc6+ 44.
Kf6 $18) 34. d6+ Kd7 35. a6 (35. a6 e3 36. a7 e2 37. a8=Q e1=Q 38. Qb7+ Ke6 39.
Qe7+ Kd5 40. Qxe1 Nxe1 41. d7 $18) 1-0

[Event "RUS-ch Higher League 60th"]
[Site "Krasnoyarsk"]
[Date "2007.09.12"]
[Round "9"]
[White "Malakhov, Vladimir"]
[Black "Belov, Vladimir"]
[Result "1-0"]
[WhiteElo "2676"]
[BlackElo "2590"]
[Annotator "Ftacnik,L"]
[PlyCount "65"]
[EventDate "2007.09.03"]
[EventType "swiss"]
[EventRounds "11"]
[EventCountry "RUS"]
[SourceTitle "CBM 120"]
[Source "ChessBase"]
[SourceDate "2007.10.02"]
[SourceVersion "1"]
[SourceVersionDate "2007.10.02"]
[SourceQuality "1"]

1. e4 c5 2. Nf3 d6 3. d4 cxd4 4. Nxd4 Nf6 5. Nc3 a6 6. g3 e6 7. Bg2 Qc7 8. O-O
Be7 9. Be3 Nc6 10. f4 Bd7 11. Nb3 Rc8 12. Kh1 b5 13. a3 Qb8 $6 {Analyses of
this game made me mistrustful about this neglect of the castling. Black is
playing with fire as Malakhov is well prepared for the opening of the center.}
14. Qe2 Bd8 (14... b4 15. axb4 Nxb4 16. Nd4 O-O 17. g4 g6 18. g5 Nh5 19. f5 Nc6
20. Nxc6 Rxc6 21. f6 Bd8 22. Rab1 {1-0 Malisauskas,V (2530)-Rahman,Z (2480)/
Dhaka 1997 (45)}) 15. Rad1 Na5 (15... O-O 16. e5 dxe5 (16... Ne8 17. exd6 Nxd6
18. Bc5 Be7 19. Bxd6 Bxd6 20. Ne4 $18) 17. Bc5 Be7 18. fxe5 Nd5 19. Nxd5 (19.
Qh5 $5) 19... exd5 20. Bxd5 $16) 16. e5 $1 {[%mdl 32] Excellent execution of
the obvious strategical plan, White has to act as quickly as possible.} dxe5
17. fxe5 Qxe5 (17... Nd5 18. Nxd5 exd5 19. Bxd5 Bc6 (19... O-O 20. Rxf7 Rxf7
21. Bxf7+ $18) 20. e6 fxe6 21. Bc5 $18) 18. Qd3 $1 Nc4 (18... Bc6 19. Bxc6+
Nxc6 20. Rxf6 Qxf6 21. Qd7+ Kf8 22. Bc5+ $18) (18... O-O 19. Nxa5 Bxa5 20. Bd4
Qd6 21. Bxf6 $18) 19. Rxf6 $1 {The fireworks are working for White and Belov
is happy just to squeeze in the long delayed castling.} O-O $8 (19... Rc7 20.
Bd4 $18) 20. Rf3 $2 (20. Rff1 $1 Nxe3 (20... Nxb2 21. Qxd7 Nxd1 22. Nxd1 $18)
21. Rde1 Bb6 22. Qxd7 Qh5 23. Rf4 $18) 20... Bc6 (20... Nxb2 21. Qxd7 Nxd1 22.
Nxd1 $18) 21. Bd4 (21. Bc1 Bxf3 22. Qxf3 Bg5 $13) 21... Qb8 22. Ne4 e5 (22...
f5 23. Nec5 e5 24. Rxf5 Bxg2+ 25. Kxg2 Qa8+ (25... Rxf5 26. Qxf5 exd4 27. Qe6+
$18) 26. Kg1 exd4 27. Rxf8+ Kxf8 28. Qxh7 $18) 23. Bc3 f5 $1 24. Rdf1 g6 {
White's serious inaccuracy on the 20th move had very unpleasant consequences
as Black has build up huge counterplay.} (24... Bxe4 25. Qxe4 fxe4 26. Rxf8#)
25. Nec5 (25. Qe2 Bb6 26. Ned2 Bxf3 27. Nxf3 Rfe8 $13) 25... Qa7 $1 (25... e4
$2 26. Nxe4 $1 Ne5 27. Qd4 Bxe4 28. Qxe5 Qxe5 29. Bxe5 Bxf3 30. Bxf3 $18) 26.
R3f2 e4 $2 {What a shame to lose for the second time with a bad tactical
blunder! Peaceful improvement of the position would have been challenging for
White.} (26... Bxg2+ 27. Rxg2 Bb6 28. g4 Bxc5 29. Nxc5 Qxc5 (29... Rfd8 30. Qf3
Qxc5 31. gxf5 $16) 30. Bb4 Qc6 31. Bxf8 Rxf8 32. gxf5 Nxb2 33. Qg3 $14) 27.
Bxe4 $1 (27. Nxe4 $18) 27... Qa8 (27... Bxe4+ 28. Nxe4 $18) 28. Bxc6 Qxc6+ 29.
Qf3 Bb6 30. Qxc6 Rxc6 31. Bd4 Rd8 32. c3 a5 33. a4 1-0

[Event "Linares 16th"]
[Site "Linares"]
[Date "1999.03.05"]
[Round "10"]
[White "Anand, Viswanathan"]
[Black "Kasparov, Garry"]
[Result "0-1"]
[WhiteElo "2781"]
[BlackElo "2812"]
[Annotator "Ftacnik,L"]
[PlyCount "100"]
[EventDate "1999.02.21"]
[EventType "tourn"]
[EventRounds "14"]
[EventCountry "ESP"]
[EventCategory "20"]
[SourceTitle "CBM 070"]
[Source "ChessBase"]
[SourceDate "1999.06.08"]
[SourceVersion "1"]
[SourceVersionDate "1999.06.08"]
[SourceQuality "1"]

1. e4 {Hecht. McShane} c5 2. Nf3 d6 3. d4 cxd4 4. Nxd4 Nf6 5. Nc3 a6 6. f3 e6
7. Be3 b5 8. g4 h6 9. Qd2 Nbd7 10. O-O-O Bb7 11. h4 b4 12. Nb1 d5 13. Bh3 g5 (
13... Ne5 14. g5 Nfd7 15. Qe2 dxe4 (15... Qa5 16. f4 Nc4 17. b3 Nxe3 18. Qxe3
dxe4 19. g6 Nc5 20. gxf7+ Kxf7 21. Rhg1 Rc8 {1/2-1/2 Ivanchuk,V-Van Wely,L/
Wijk aan Zee 1996/ (64)}) (15... hxg5 $5 16. hxg5 Rxh3 17. Rxh3 dxe4 $44) 16.
f4 Nd3+ 17. cxd3 exd3 18. Qxd3 Nc5 19. Qc2 Be4 20. Nxe6 fxe6 21. Rxd8+ Rxd8 22.
Bxc5 Bxc2 23. Bxf8 Kxf8 24. Kxc2 hxg5 25. fxg5 Rxh4 {1/2-1/2 Anand,V-Topalov,V/
Tilburg/1998/ (46)}) 14. hxg5 hxg5 15. exd5 Nxd5 16. Bxg5 Qb6 $5 {Kasparov
tries to improve on Topalov, his argument is the modest location of the b1
knight.} (16... Qa5 17. Bg2 Rxh1 18. Rxh1 Qxa2 19. Rh8 Rc8 20. Nf5 Nc5 21.
Rxf8+ Kxf8 22. Bh6+ Ke8 23. Nd6+ Kd7 24. Nxc8 Kxc8 25. Qd4 {1/2-1/2 Leko,
P-Topalov,V/Linares/1999/ (53)}) 17. Bg2 Rxh1 18. Bxh1 (18. Rxh1 Bg7 $13) 18...
Rc8 19. Re1 (19. f4 $6 Nc3 $1 20. Re1 Nxa2+ 21. Kd1 Bxh1 22. Rxh1 Bg7 $17) (19.
Nb3 a5 20. f4 a4 21. Nd4 Nc3 $1 $17) 19... Qa5 (19... Bg7 20. Nf5 Be5 21. f4
$16) (19... Rc4 20. Nf5 b3 21. axb3 Qxb3 22. Nc3 $1 Rxc3 23. Qxc3 $1 $16) 20.
f4 (20. a3 Qb6 $1 (20... Nc3 $2 21. Nxe6 $18) (20... N7b6 21. b3 Nc3 22. a4
Nbd5 $13) 21. a4 Nc5 $17) 20... Qxa2 21. f5 Nc5 $5 {Counterattack is the rule
of the day, black is defending the center at the same time.} (21... e5 22. Qh2
Qc4 $1 $17 (22... Bg7 23. Qh7 $13)) (21... Nc3 $2 22. bxc3 bxc3 23. Nxc3 Qa1+
24. Nb1 Ba3+ 25. Kd1 Qxb1+ 26. Ke2 $14) 22. fxe6 (22. Bxd5 Bxd5 23. fxe6 fxe6
24. Bf6 Qa1 25. b3 Bd6 $19) 22... Bg7 $1 (22... fxe6 $5 23. Rxe6+ (23. Nxe6 $2
Nb3+ $19) (23. Rf1 Bg7 $19) 23... Nxe6 24. Nxe6 Qc4 25. Nxf8 Kxf8 26. Bh6+ Ke8
$19) 23. exf7+ Kxf7 24. Bxd5+ $6 {For all the beauty of the spectacular
defense Anand had better accepted the draw with perpetual after the correct 24.
Qf2+.} (24. Rf1+ Kg8 25. Bf6 Nxf6 26. Bxb7 Rd8 $19) (24. Qf2+ $1 Kg8 25. Qf5 $1
{McShane: 'may be enough for a draw, e.g.'} Bxd4 (25... Rf8 $2 26. Qg6 Na4 27.
Bxd5+ Bxd5 28. Nf5 Qxb2+ 29. Kd2 $18) 26. Qg6+ (26. Bxd5+ Qxd5 27. Qg6+ Bg7 28.
Re8+ Rxe8 29. Qxe8+ Bf8 30. Qg6+ $11) 26... Bg7 27. Re8+ {McShane: 'with a
perpetual to follow.'} Rxe8 28. Qxe8+ Kh7 (28... Bf8 29. Bh6 Nd7 30. Qg6+ Kh8
31. Be4 $18) 29. Qh5+ $11) 24... Qxd5 25. Re7+ (25. Rf1+ Kg6 26. Be3 Bxd4 $19)
25... Kg8 (25... Kf8 $2 26. Qf4+ Kg8 27. Rxg7+ Kxg7 28. Nf5+ $18) 26. Rxg7+ (
26. Nc3 $2 Qh1+ 27. Re1 bxc3 28. bxc3 Qh3 $19) 26... Kxg7 27. Nc3 $3 {
Spectacular and spirited, but still not good enough for a draw. McShane:
'Incredibly, Kasparov was still in his preparation until Anand found this
stunning resource. By getting a black pawn to c3 Kasparov can't play play Qxf5
or Nxf5+ and then Nb3+ with an endgame and an exchange up. Instead Anand heads
for an endgame a piece down but with good drawing chances due to reduced
material.'} (27. Nf5+ Qxf5 (27... Kf8 28. Bh6+ Kf7 29. Nd6+ $14) 28. gxf5 (28.
Qd4+ $2 Kg8 29. gxf5 Nb3+ $19) 28... Nb3+ 29. Kd1 Bf3+ 30. Ke1 Nxd2 31. Nxd2
Bg4 $19) 27... bxc3 (27... Qh1+ 28. Nd1 Bf3 (28... Be4 29. Ne6+ $1) 29. Be7
Bxd1 (29... Ne4 30. Nf5+ Kh7 31. Qd4 Qxd1+ 32. Qxd1 Bxd1 33. Kxd1 $15) 30. Qg5+
(30. Qxd1 Nd3+ $1 31. Kd2 Qxd1+ 32. Kxd1 Nxb2+ $17) 30... Kf7 31. Qf6+ Ke8 32.
Qg6+ Kxe7 33. Nf5+ Kd8 34. Qd6+ Nd7 35. Qe7+ Kc7 36. Qd6+ Kb7 37. Qxd7+ Kb8 38.
Qd6+ $13) 28. Nf5+ Kf7 (28... Kh7 $2 29. Qh2+ Kg8 30. Ne7+ $18) (28... Kf8 $1
29. Bh6+ Ke8 30. Nd6+ (30. Qxd5 {McShane} Bxd5 31. Nd6+ {a knight being less
fast across the board than a bishop in the endgame and therefore less powerful.
}) 30... Kd7 31. Qxd5 Bxd5 32. Nxc8 cxb2+ 33. Kxb2 Kxc8 $17) ({Here} 28... Qxf5
$4 {McShane is met by} 29. Qxc3+ {and athen White takes the queen. Here
Kasparov chooses to give White a knight and not a bishop as he could have done
with}) 29. Qxd5+ Bxd5 30. Nd6+ Kg6 {McShane: ' Interestingly, Kasparov doesn't
flick in 30...cxb2+. It turns out the doubled pawns get in the way somewhat
for White. Of course, Black will never swap knights because even if he could
keep the a-pawn it's a technical draw because the black bishop can't control
the a1 queening square.'} 31. Nxc8 Kxg5 {[%mdl 4096] Hecht: 'Zwei vs eine
Leichtfigur bei minimalem Bauernmaterial und dem "falschen" Läufer bezogen auf
den a-Bauern.'} (31... cxb2+ 32. Kxb2 Kxg5 33. Kc3 $15) 32. Nb6 (32. bxc3 Kxg4
33. Ne7 Be4 $19) 32... Be6 $1 33. bxc3 Kxg4 34. Kb2 Kf4 (34... Kf5 $142 {
(Hecht) mit starkem Vorteil. (Dokhoian)}) 35. Ka3 a5 $6 (35... Ke5 $5 36. Kb4
Kd6 37. Ka5 Kc6 38. Na8 Bf5 39. Nb6 Bxc2 $19) 36. Na4 Ne4 $2 {Even the
gretaest players are only mortals, Kasparov misses the great defensive idea in
white's 40th move. The correct idea was to restrain the mobility of white's
knight.} (36... Nxa4 $2 37. Kxa4 Ke5 38. Kxa5 $11) (36... Nd7 $1 37. Nb2 Nb6
38. Nd3+ (38. c4 {Hecht} Bxc4 39. Nxc4 Nxc4+ 40. Kb3 Ne5 $1 41. Ka4 Nc6 $19 {
(Kasparow)}) 38... Ke3 39. Nc5 Bf7 40. Nb3 Nc4+ $19) 37. Nb2 (37. Kb2 Ke5 $19)
37... Nxc3 38. Nd3+ Ke3 39. Nc5 Bf5 (39... Bd5 $5 40. Kb2 (40. Nb3 Bxb3 41.
cxb3 (41. Kxb3 Kd4 $19) 41... Kd4 $19) 40... Nb5 $1 (40... Kd4 $2 41. Nb3+ Bxb3
42. Kxb3 $22 $11) 41. c3 Kd2 $19) 40. Kb2 $1 (40. Nb7 a4 41. Nc5 Bxc2 42. Kb2
Kd2 $19) 40... Nd5 41. Nb7 a4 42. c4 $1 (42. Ka3 Bxc2 43. Nc5 Nc3 $19) (42. Nc5
{Hecht} Nb6 43. Ka3 Bxc2 44. Kb4 Kd4 45. Kb5 a3 $19) 42... Nb6 43. Nd6 (43. Kc3
a3 44. c5 Nc4 45. Kb3 Kd4 46. Nd6 Bc2+) 43... Bd3 (43... Be6 44. c5 Nd5 45. Ka3
$13) 44. c5 (44. Ka3 Kd4 45. Kb4 Bc2 46. Nb5+ Kd3 47. Nc3 a3 48. Na2 Nxc4 49.
Nc1+ Kd2 50. Na2 $17) 44... Nd5 45. Ka3 Bc2 (45... Kd4 {Hecht} 46. Kxa4 Kxc5
47. Nb7+ $11) 46. Nb5 $1 (46. c6 Nc7 47. Nc4+ Kd4 48. Nb6 Nb5+ 49. Kb4 a3 50.
Kxb5 a2 51. c7 Bf5 $19) 46... Ne7 (46... Ke4 47. c6 Nb6 48. Na7 Nd5 49. Nb5 $11
) 47. Na7 $2 {'??' McShane. Anand slips in the moment, when his heroic
resistance could have been rewarded with a draw with the simple 47.Nc3!
McShane: 'Anand has fought like a mule and perhaps deserved his draw with 27.
Nxc3!! Instead, he loses cruelly after this terrible blunder.'} (47. Nc3 $1 Kd4
48. Nxa4 Kc4 49. Nb6+ Kxc5 50. Nd7+ $11) 47... Kd4 48. c6 Nd5 49. Nb5+ Kc5 50.
c7 Bf5 $1 {Anand resigned as he realized, that the position has a study like
character.} (50... Bf5 $1 51. Kxa4 (51. Na7 Nxc7 52. Kxa4 Kb6 $19) 51... Nb6+
52. Ka5 Nc4+ 53. Ka6 (53. Ka4 Bc2#) 53... Bc8+ 54. Ka7 Kxb5 55. Kb8 Nd6 $19)
0-1